00587nam a2200169Ia 4500008004100000100002300041245010100064245002300165260005900188260000900247300001000256650001800266650001500284856002600299999001900325952007300344170221s9999 xx 000 0 und d aHatice Selen Tekin 4aThe Possibility of Being Don Quixote in the Face of Popular Postmodern Music Hatice Selen Tekin  cHatice Selen Tekin bOnline Journal of Communication and Media Technologies c2012 a2 : 1 xCommunication xMedia Arts uhttp://www.ojcmt.net/ c307328d307328 001040aCLbCLd2017-02-21l0r2017-02-21 00:00:00w2017-02-21yFOJ